MARC

LEADER 00000nam0a2200000 4500
001 285789
005 20231101235829.0
020 |a RU  |b 85-28869 
035 |a (RuTPU)RU\TPU\book\310065 
090 |a 285789 
100 |a 20150227d1985 m y0rusy5003 ca 
101 0 |a rus 
102 |a RU 
105 |a a j 001zy 
200 1 |a Организация и планирование производства. Управление строительным процессом  |e учебник  |f А. Д. Бренц [и др.] 
210 |a Москва  |c Недра  |d 1985 
215 |a 320 с.  |c граф. 
225 1 |a Высшее образование 
300 |a Авт. указаны на обороте тит. л. 
320 |a Библиогр.: с.317 
606 1 |a Нефтегазовое строительство  |x Управление  |2 stltpush  |3 (RuTPU)RU\TPU\subj\45560  |9 64755 
610 1 |a нефтегазовая промышленность 
610 1 |a экономика 
610 1 |a строительные процессы 
610 1 |a строительное производство 
610 1 |a строительные машины 
610 1 |a подсобные хозяйства 
610 1 |a материально-техническое обеспечение 
610 1 |a складское хозяйство 
610 1 |a газохранилища 
610 1 |a нефтебазы 
610 1 |a газопромысловые сооружения 
610 1 |a заработная плата 
610 1 |a строительно-монтажные организации 
610 1 |a планирование 
610 1 |a качество 
610 1 |a эксплуатация 
610 1 |a нефтегазотранспортные сети 
610 1 |a учебники 
675 |a 622.323.012:69(075.8)  |v 3 
701 1 |a Бренц  |b А. Д.  |g Анатолий Дмитриевич 
701 1 |a Тищенко  |b В. Е.  |g Виктор Елисеевич 
701 1 |a Андрианов  |b А. К.  |g Аркадий Константинович 
801 0 |a RU  |b RuMRKP  |c 19950704  |g psbo 
801 1 |a RU  |b 63413507  |c 20150227 
801 2 |a RU  |b 63413507  |c 20171219  |g RCR 
942 |c BK